000 00748 a2200217 4500
001 60329
005 20260407155853.0
008 260407a1989 arg spa d
003 AR-UNSa-BCEJYS
040 _aAR-UNSa-BCEJYS
_bspa
_cAR-UNSa-BCEJYS
080 _a338.246
_xMedidas económicas. Instrumentos de la política económica (Privatización))
245 1 0 _aDesregulación
020 _a950-9109-85-1
264 1 _aBuenos Aires :
_bTesis
_c1989
300 _a123 p.
_c20 cm.
505 _a1. Aspectos conceptuales de la desregulación – 2. La privatización – 3. Algunos casos particulares de desregulación y privatización
041 _aspa
942 _cBK
590 _aniveau_biblio:m niveau_hierar:0
100 1 _aZapata, Juan A.
999 _c6900
_d6900